¿ Somos todos capitalistas?: del obrero al trabajador-inversor /
Antes, el obrero a la fábrica y encontraba allí sus herramientas. Hoy, según las nuevas doctrinas de la literatura de negocios, el trabajador de la era de la información lleva su capital (su conocimiento y sus destrezas, su capital humano) y lo invierte en la empresa en que trabaja. Este cambio de c...
Uloženo v:
| Hlavní autor: | |
|---|---|
| Médium: | Text |
| Témata: | |
| Tagy: |
Přidat tag
Žádné tagy, Buďte první, kdo vytvoří štítek k tomuto záznamu!
|
MARC
| LEADER | 00000 a a2200000 04500 | ||
|---|---|---|---|
| 001 | 10804 | ||
| 003 | |||
| 040 | |||
| 100 | |a López - Ruiz, Osvaldo | ||
| 245 | |a ¿ Somos todos capitalistas?: |b del obrero al trabajador-inversor / |c Osvaldo López - Ruiz | ||
| 520 | |a Antes, el obrero a la fábrica y encontraba allí sus herramientas. Hoy, según las nuevas doctrinas de la literatura de negocios, el trabajador de la era de la información lleva su capital (su conocimiento y sus destrezas, su capital humano) y lo invierte en la empresa en que trabaja. Este cambio de concepción, que borra la tradicional línea profundas implicancias: la propagación del concepto de "capital humana" puede se vista como un signo de "humanización" de las empresas (que pasarían a considera a cada trabajador como un inversor), pero supone, también, una exigencia constante sobre los individuos y constituye un símbolo de la difusión social de los valores corporativos | ||
| 650 | |a TRABAJADORES | ||
| 650 | |a BIENES DE CAPITAL | ||
| 650 | |a TRABAJO | ||
| 650 | |a CAPITALISMO | ||
| 650 | |a CAMBIO ECONOMICO | ||
| 773 | |g número 202; páginas 87-97 | ||
| 999 | |c 25565 |d 25565 | ||
